000
00215 a2200097 4500
001
34528
100
_a
Parto Roheela
245
_a
Aawaz
260
_a
Lahore
_b
Sang-e-Meel Publications
_c
1991
090
_c
22811
_d
22811
942
_a
NUST-CAE
_c
M
_c
14238
999
_c
269601
_d
269601